[Event "PRO League Pacific"]
[Site "Chess.com INT"]
[Date "2017.01.18"]
[Round "2"]
[White "Hernandez, Albert"]
[Black "Hilby, Craig"]
[Result "0-1"]
[WhiteElo "2211"]
[BlackElo "2334"]
[PlyCount "42"]
[EventDate "2017.01.11"]
[EventType "team-swiss (rapid)"]
[EventRounds "7"]
[EventCountry "USA"]
[SourceTitle "CBM 176 Extra"]
[Source "ChessBase"]
[SourceDate "2017.03.02"]
[SourceVersion "1"]
[SourceVersionDate "2017.03.02"]
[SourceQuality "1"]
[WhiteTeam "Las Vegas Desert Rats"]
[BlackTeam "San Diego Surfers"]
[WhiteTeamCountry "USA"]
[BlackTeamCountry "USA"]

1. d4 Nf6 2. Nc3 d5 3. Bg5 Nbd7 4. Nf3 g6 5. e3 Bg7 6. Bd3 0-0 7. 0-0 c6 8. Re1 b5 9. a3 Bb7 10. e4 dxe4 11. Nxe4 a6 12. c3 Qc7 13. Qd2 c5 14. Bxf6 exf6 15. Nxc5 Nxc5 16. dxc5 Bxf3 17. gxf3 Qxc5 18. Be4 Rad8 19. Qe3 Qh5 20. Rad1 Bh6 21. f4 Rxd1 0-1

[Event "USA tt"]
[Site "ICC INT"]
[Date "2015.09.08"]
[Round "3"]
[White "Morshedi, Ali"]
[Black "Hernandez, Albert"]
[Result "1/2-1/2"]
[WhiteElo "2225"]
[BlackElo "2327"]
[PlyCount "117"]
[EventDate "2015.08.25"]
[EventType "team-swiss"]
[EventRounds "10"]
[EventCountry "USA"]
[SourceTitle "EXT 2016"]
[Source "ChessBase"]
[SourceDate "2015.10.08"]
[SourceVersion "1"]
[SourceVersionDate "2015.10.08"]
[SourceQuality "1"]
[WhiteTeam "San Diego"]
[BlackTeam "Las Vegas"]
[WhiteTeamCountry "USA"]
[BlackTeamCountry "USA"]

1. c4 c5 2. Nc3 Nc6 3. Nf3 g6 4. g3 Bg7 5. Bg2 Nh6 6. 0-0 Nf5 7. d3 a6 8. Bd2 Rb8 9. a4 d6 10. e3 e6 11. Ne1 h5 12. h3 Nfe7 13. Nc2 d5 14. cxd5 exd5 15. d4 b6 16. e4 cxd4 17. Nxd5 0-0 18. Bf4 Rb7 19. Na3 Be6 20. Rc1 Qd7 21. Nxe7+ Nxe7 22. Kh2 b5 23. axb5 axb5 24. Qd2 Kh7 25. Nc2 Nc6 26. Ne1 Ra7 27. Nd3 Na5 28. Nc5 Qe7 29. Bg5 f6 30. Nxe6 Qxe6 31. Qxd4 Ra6 32. Be3 Nb3 33. Qb4 Nxc1 34. Rxc1 h4 35. g4 Rc8 36. Rxc8 Qxc8 37. Qxb5 Qc7+ 38. Kg1 Ra1+ 39. Bf1 Qc2 40. Bd4 Qxe4 41. Bc3 Qf3 42. Qc4 Qxh3 43. Qe2 Rxf1+ 44. Qxf1 Qxg4+ 45. Qg2 Qf4 46. Qh3 f5 47. Bxg7 Kxg7 48. Qc3+ Kf7 49. b4 Qg4+ 50. Kh2 Qf4+ 51. Kg1 g5 52. b5 Qg4+ 53. Kh2 Qf4+ 54. Kg1 Qd6 55. Qc8 Qd1+ 56. Kh2 Qd6+ 57. Kg1 Qd1+ 58. Kh2 Qd6+ 59. Kg1 1/2-1/2

[Event "USA tt"]
[Site "ICC INT"]
[Date "2015.09.02"]
[Round "2"]
[White "Priyadharshan, Kannappan"]
[Black "Hernandez, Albert"]
[Result "1-0"]
[WhiteElo "2460"]
[BlackElo "2327"]
[PlyCount "109"]
[EventDate "2015.08.25"]
[EventType "team-swiss"]
[EventRounds "10"]
[EventCountry "USA"]
[SourceTitle "EXT 2016"]
[Source "ChessBase"]
[SourceDate "2015.10.08"]
[SourceVersion "1"]
[SourceVersionDate "2015.10.08"]
[SourceQuality "1"]
[WhiteTeam "St Louis"]
[BlackTeam "Las Vegas"]
[WhiteTeamCountry "USA"]
[BlackTeamCountry "USA"]

1. e4 c5 2. Nf3 a6 3. c3 e6 4. d4 d5 5. e5 Bd7 6. Bd3 Bb5 7. Bc2 a5 8. a4 Ba6 9. Na3 cxd4 10. cxd4 Nc6 11. Nb5 Qb6 12. Bd3 Nh6 13. 0-0 Bb4 14. Be3 Nf5 15. Qb3 0-0 16. Bxf5 exf5 17. Qxd5 Rad8 18. Qb3 Bxb5 19. d5 Bc5 20. dxc6 Bxf1 21. Qxb6 Bxb6 22. Bxb6 Rd5 23. Kxf1 bxc6 24. Rc1 Rc8 25. Rc5 Rxc5 26. Bxc5 Rb8 27. Ba3 c5 28. Ke2 c4 29. Nd4 f4 30. Nc6 Ra8 31. h4 Ra6 32. Ne7+ Kh8 33. Kf3 Rh6 34. Nf5 Rb6 35. Nd4 Rh6 36. Be7 Rb6 37. Nb5 Rc6 38. Kxf4 f6 39. exf6 gxf6 40. Bd8 Kg7 41. Bxa5 Ra6 42. Bc3 Rxa4 43. Kf5 Ra6 44. Nc7 Rc6 45. Ne6+ Kg8 46. g4 Rb6 47. Kxf6 Ra6 48. f4 Rb6 49. f5 Ra6 50. Ke5 Ra1 51. f6 Rf1 52. Ng5 h6 53. f7+ Kg7 54. Bb4 c3 55. f8Q+ 1-0

[Event "USA tt"]
[Site "ICC INT"]
[Date "2011.09.12"]
[Round "3"]
[White "Rohonyan, Katerina"]
[Black "Hernandez, Albert"]
[Result "0-1"]
[WhiteElo "2309"]
[BlackElo "2327"]
[PlyCount "94"]
[EventDate "2011.08.29"]
[EventType "team-tourn"]
[EventRounds "10"]
[EventCountry "USA"]
[SourceTitle "CBM 144 Extra"]
[Source "ChessBase"]
[SourceDate "2011.10.28"]
[SourceVersion "1"]
[SourceVersionDate "2011.10.28"]
[SourceQuality "1"]
[WhiteTeam "Seattle"]
[BlackTeam "Miami"]
[WhiteTeamCountry "USA"]
[BlackTeamCountry "USA"]

1. c4 e5 2. Nc3 Nf6 3. g3 d6 4. Bg2 Be7 5. Nf3 Nbd7 6. 0-0 Nf8 7. d4 Ng6 8. Qc2 c6 9. Rd1 Qc7 10. b3 h5 11. Bb2 h4 12. Ng5 Ng4 13. Nd5 cxd5 14. Nxf7 Kxf7 15. Bxd5+ Kf6 16. f4 exf4 17. e4 hxg3 18. hxg3 Ne3 19. Qd2 Nxd5 20. cxd5 Qd7 21. e5+ Kg5 22. gxf4+ Nxf4 23. e6 Qe8 24. Rf1 Qf8 25. Bc1 Rh4 26. Rxf4 Rxf4 27. Kg2 Qf5 28. Qe3 Qg4+ 29. Qg3 Kf5 30. Bxf4 Qxg3+ 31. Bxg3 Ke4 32. Rf1 Kxd5 33. Rf7 Bf6 34. e7 Bd7 35. e8Q Bxe8 36. Rxb7 Kxd4 37. Bf2+ Kc3 38. Rc7+ Kb2 39. Bxa7 Kxa2 40. b4 Kb3 41. Kf3 Kxb4 42. Ke4 Be5 43. Kd5 g5 44. Be3 g4 45. Rc4+ Kb5 46. Rxg4 Bf7+ 47. Ke4 Ra4+ 0-1